000 00218nam a22000977a 4500
999 _c532038
_d532038
040 _cDLC
082 _a891.4393
_bTAR
100 _aTarar, Mustansar Hussain
_93135
245 _aSiyah Ankh main Tasveer
942 _2ddc
_cBK